Southville International School and Colleges
Your cart is empty.
  • Cart
  • Lists
    Public lists Eva Luna New books Lux_list list_1
    Your lists Log in to create your own lists
  • Log in to your account
  • Your cookies
  • Search history
Southville International School and Colleges
  • Advanced search
  • Recent comments
  • Most popular
  • Libraries

Log in to your account

Log in with GOOGLE


If you do not have an external account, but do have a local account, you can still log in:

  1. Home
  2. MARC view: Creative criticism /
Normal view MARC view ISBD view

Creative criticism / (Record no. 10281)

[ view plain ]
MARC details
000 -LEADER
fixed length control field 00521nam a22001937a 4500
003 - CONTROL NUMBER IDENTIFIER
control field SISC
005 - DATE AND TIME OF LATEST TRANSACTION
control field 20160308091551.0
008 - FIXED-LENGTH DATA ELEMENTS--GENERAL INFORMATION
fixed length control field 130903t xxu||||| |||| 00| 0 eng d
020 ## - INTERNATIONAL STANDARD BOOK NUMBER
International Standard Book Number 0283998814
050 ## - LIBRARY OF CONGRESS CALL NUMBER
Classification number PN 81
Item number .W427 1989
082 ## - DEWEY DECIMAL CLASSIFICATION NUMBER
Classification number HS 801.95
Item number W43 1989
100 ## - MAIN ENTRY--PERSONAL NAME
Personal name Weisinger, Hendrie
9 (RLIN) 16368
245 ## - TITLE STATEMENT
Title Creative criticism /
Statement of responsibility, etc Hendrie Weisinger
260 ## - PUBLICATION, DISTRIBUTION, ETC. (IMPRINT)
Place of publication, distribution, etc London :
Name of publisher, distributor, etc Sidgwick & Jackson,
Date of publication, distribution, etc c1989.
300 ## - PHYSICAL DESCRIPTION
Extent 273 p. :
Dimensions 24 cm.
650 ## - SUBJECT ADDED ENTRY--TOPICAL TERM
Topical term or geographic name as entry element Criticism
9 (RLIN) 13697
942 ## - ADDED ENTRY ELEMENTS (KOHA)
Source of classification or shelving scheme Library of Congress Classification
Koha item type Books
Holdings
Withdrawn status Lost status Source of classification or shelving scheme Damaged status Home library Current library Shelving location Date acquired Total Checkouts Total Renewals Full call number Barcode Date last seen Date checked out Copy number Price effective from Koha item type
    Library of Congress Classification   Luxembourg Library Luxembourg Library High School Section 09/03/2013 2 5 PN 81 .W427 1989 4902 03/08/2016 08/05/2014 1 09/03/2013 Books

Creative criticism /

APA

Weisinger H., . (1989). Creative criticism. London: Sidgwick & Jackson.

Chicago

Weisinger Hendrie, . 1989. Creative criticism. London: Sidgwick & Jackson.

Harvard

Weisinger H., . (1989). Creative criticism. London: Sidgwick & Jackson.

MLA

Weisinger Hendrie, . Creative criticism. London: Sidgwick & Jackson. 1989.

  • Place hold
  • Print
  • Cite
  • Add to your cart (remove)
  • Save record
    BIBTEX Dublin Core MARCXML MARC (non-Unicode/MARC-8) MARC (Unicode/UTF-8) MARC (Unicode/UTF-8, Standard) MODS (XML) RIS
  • More searches
    Search for this title in:
    Other Libraries (WorldCat) Other Databases (Google Scholar) Online Stores (Bookfinder.com) Open Library (openlibrary.org)

Exporting to Dublin Core...

SOUTHVILLE LIBRARY

Southville International School and Colleges Library

1281 Tropical Ave. Cor. Luxembourg St., BF Homes International, Las Pinas City

Tel. No. 8256374 / 252358 Loc. 117/146

Powered by Koha